000 00632nam a2200205Ia 4500
003 IN-BaIIA
008 211028s9999 xx 000 0 eng d
020 _a0-471-62305-9
040 _cIIA Library
080 _a51:5/62
_bKAH
100 _aKahn, Peter B.
_917442
245 0 _aMathematical methods for scientists and engineers
_blinear and nonlinear systems
_cPeter B. Kahn
260 _aNew York
_bJohn Wiley & Sons
_c1990
300 _axix, 469p.
650 _aEngineering
_981
650 _aMathematics
_982
650 _aNASA thesaurus
650 _aScience
_91299
942 _cBK
999 _c10257
_d10257